[Event "Interclubs Adultes"]
[Site "NIORT"]
[Date "16.12.07"]
[Round "5.2"]
[White "Dumitrache, Dragos-Nicolae"]
[Black "Maleki, Manuel"]
[Result "1-0"]
[WhiteElo "2485"]
[BlackElo "2189"]
[PlyCount "77"]
[EventDate "16.12.07"]
[WhiteTeam "Guingamp"]
[BlackTeam "Tours"]

1. d4 d5 2. c4 e6 3. Nf3 c6 4. g3 Nf6 5. Bg2 Bb4+ 6. Bd2 a5 7. O-O b6 8. Ne5
O-O 9. a3 Be7 10. Bf4 Bb7 11. Nc3 Nbd7 12. e4 Nxe5 13. dxe5 Nxe4 14. Nxe4 dxe4
15. Bxe4 Qxd1 16. Rfxd1 Rfd8 17. Be3 Bc5 18. Bxc5 bxc5 19. Bf3 Rd4 20. Rxd4
cxd4 21. Rd1 Rd8 22. c5 a4 23. Be4 f6 24. f4 fxe5 25. fxe5 h6 26. Kf2 Rf8+ 27.
Ke1 Ba6 28. Rxd4 Rf1+ 29. Kd2 Rf2+ 30. Kc3 Rxh2 31. Rxa4 Bb5 32. Ra8+ Kf7 33.
a4 Be2 34. Bxc6 Rh3 35. Kd2 Rh2 36. Ke3 Bc4 37. Be8+ Ke7 38. c6 Rc2 39. Bg6 1-0

[Event "Interclubs Adultes"]
[Site "NIORT"]
[Date "16.12.07"]
[Round "5.3"]
[White "Carvallo, Henri"]
[Black "Terrieux, Kevin"]
[Result "1/2-1/2"]
[WhiteElo "2156"]
[BlackElo "2367"]
[PlyCount "84"]
[EventDate "16.12.07"]
[WhiteTeam "Tours"]
[BlackTeam "Guingamp"]

1. d4 Nf6 2. Nf3 e6 3. Bf4 b6 4. e3 Bb7 5. Bd3 c5 6. c3 Nc6 7. h3 Be7 8. O-O d6
9. a3 Qc7 10. Bh2 e5 11. Nbd2 Rd8 12. b4 O-O 13. b5 Na5 14. dxe5 dxe5 15. Bxe5
Qd7 16. Be2 Qe6 17. Bxf6 Bxf6 18. Qc2 Rd6 19. Rfe1 Rfd8 20. Rad1 c4 21. Nd4
Bxd4 22. exd4 Qd5 23. Bf3 Qxb5 24. Re5 Qd7 25. Rde1 Bxf3 26. Nxf3 Nc6 27. R5e4
f6 28. Nd2 b5 29. a4 a6 30. axb5 axb5 31. Nf3 Qf7 32. Qb2 Qd5 33. Qe2 Rf8 34.
Nd2 Rdd8 35. Ra1 Rc8 36. Re6 Kf7 37. Re3 Ra8 38. Rxa8 Rxa8 39. Qg4 b4 40. cxb4
Nxd4 41. Qf4 Rc8 42. Ne4 Nc6 1/2-1/2

[Event "Interclubs Adultes"]
[Site "NIORT"]
[Date "16.12.07"]
[Round "5.4"]
[White "De Sousa, Jose-Claude"]
[Black "Varlet, Nicolas"]
[Result "1/2-1/2"]
[WhiteElo "2297"]
[BlackElo "2144"]
[PlyCount "42"]
[EventDate "16.12.07"]
[WhiteTeam "Guingamp"]
[BlackTeam "Tours"]

1. e4 e6 2. d3 d5 3. Nd2 Nf6 4. Ngf3 Bc5 5. e5 Nfd7 6. d4 Bb6 7. Bd3 c5 8. c4
cxd4 9. O-O Nc6 10. Re1 O-O 11. cxd5 exd5 12. Nb3 f5 13. e6 Nde5 14. Bxf5 g6
15. Bh3 Qd6 16. Nfxd4 Nxd4 17. Nxd4 Bxd4 18. Qxd4 Bxe6 19. f4 Nf3+ 20. gxf3
Bxh3 21. Bd2 Qb6 1/2-1/2

[Event "Interclubs Adultes"]
[Site "NIORT"]
[Date "16.12.07"]
[Round "5.5"]
[White "Dube, Dimitri"]
[Black "Alanic, Xavier"]
[Result "0-1"]
[WhiteElo "2083"]
[BlackElo "2266"]
[PlyCount "72"]
[EventDate "16.12.07"]
[WhiteTeam "Tours"]
[BlackTeam "Guingamp"]

1. c3 d6 2. e4 g6 3. f4 d5 4. e5 Nh6 5. Nf3 Bg7 6. d3 O-O 7. g3 c5 8. Bg2 Nc6
9. O-O Rb8 10. Kh1 d4 11. c4 Be6 12. Qe2 Qd7 13. Nbd2 f6 14. Ne4 b6 15. Bd2 Kh8
16. Rae1 Rbe8 17. Nf2 Nf7 18. f5 gxf5 19. exf6 exf6 20. Nh4 Nd6 21. Nh3 Bxc4
22. Qf3 Ne5 23. Rxe5 fxe5 24. dxc4 Nxc4 25. Bc1 Nd6 26. Qd5 Qe6 27. Ng5 Qxd5
28. Bxd5 Rf6 29. Bc6 Re7 30. Nh3 h6 31. Bf3 Kh7 32. Bh5 c4 33. b3 c3 34. Ba3
Rc7 35. Bxd6 Rxd6 36. Nxf5 Rd8 0-1

[Event "Interclubs Adultes"]
[Site "NIORT"]
[Date "16.12.07"]
[Round "5.6"]
[White "Capitaine, Adrien"]
[Black "Wenzel, Johannes"]
[Result "1-0"]
[WhiteElo "2169"]
[BlackElo "2126"]
[PlyCount "61"]
[EventDate "16.12.07"]
[WhiteTeam "Guingamp"]
[BlackTeam "Tours"]

1. e4 c5 2. Nf3 e6 3. Nc3 Nc6 4. d4 cxd4 5. Nxd4 Qc7 6. Be2 a6 7. O-O Nf6 8.
Nb3 b5 9. a3 Bb7 10. f4 d6 11. Be3 Be7 12. Bf3 Rc8 13. Qe1 O-O 14. Rd1 Rfe8 15.
Qg3 Nd7 16. f5 Nce5 17. Nd4 Bf6 18. Rf2 Nc4 19. Bc1 e5 20. Nde2 Nc5 21. Qh3 Qe7
22. Qh5 Rcd8 23. g4 h6 24. b3 Nb6 25. Ng3 Rc8 26. Be3 Bg5 27. Bxg5 hxg5 28. h4
gxh4 29. Rh2 g6 30. Qh6 Qf8 31. Qxh4 1-0

[Event "Interclubs Adultes"]
[Site "NIORT"]
[Date "16.12.07"]
[Round "5.7"]
[White "Hubert, Raphael"]
[Black "Bodenez, Vincent"]
[Result "0-1"]
[WhiteElo "1838"]
[BlackElo "2182"]
[PlyCount "48"]
[EventDate "16.12.07"]
[WhiteTeam "Tours"]
[BlackTeam "Guingamp"]

1. e4 c5 2. Nf3 d6 3. d4 cxd4 4. Nxd4 Nf6 5. Nc3 a6 6. a4 e5 7. Nb3 Be6 8. Bg5
Be7 9. Be2 O-O 10. Bxf6 Bxf6 11. Nd5 Bg5 12. Bg4 Nc6 13. O-O Ne7 14. Bxe6 fxe6
15. Nxe7+ Qxe7 16. Qd3 Rad8 17. Rad1 d5 18. Qe2 Rf4 19. Nd2 Rdf8 20. c4 d4 21.
Nf3 Rxf3 22. gxf3 Bf4 23. Rfe1 Qh4 24. Qd3 Qh3 0-1

[Event "Interclubs Adultes"]
[Site "NIORT"]
[Date "16.12.07"]
[Round "5.8"]
[White "Le Diouron, Aurelie"]
[Black "Chevalier, Nathalie"]
[Result "1-0"]
[WhiteElo "2022"]
[BlackElo "1499"]
[PlyCount "63"]
[EventDate "16.12.07"]
[WhiteTeam "Guingamp"]
[BlackTeam "Tours"]

1. e4 e5 2. Nf3 Nc6 3. Bb5 Be7 4. O-O Nf6 5. Re1 O-O 6. Bxc6 dxc6 7. Nxe5 Bd6
8. Nf3 Re8 9. e5 Ng4 10. exd6 cxd6 11. Rxe8+ Qxe8 12. h3 Nf6 13. d4 Be6 14. Bf4
Rd8 15. Nbd2 Bd5 16. c4 Be4 17. Nxe4 Qxe4 18. Bg5 Re8 19. Bxf6 gxf6 20. Qe1 Kh8
21. Qxe4 Rxe4 22. Re1 Re6 23. Rxe6 fxe6 24. Kf1 Kg8 25. Ke2 Kf7 26. Ke3 f5 27.
Ng5+ Kf6 28. Nxh7+ Kf7 29. Kf4 d5 30. cxd5 cxd5 31. Ke5 b5 32. Ng5+ 1-0

[Event "Interclubs Adultes"]
[Site "NIORT"]
[Date "16.12.07"]
[Round "5.1"]
[White "Petkov, Vladimir"]
[Black "David, Vincent"]
[Result "1-0"]
[WhiteElo "2508"]
[BlackElo "2396"]
[PlyCount "59"]
[EventDate "16.12.07"]
[WhiteTeam "C.E. Nantes"]
[BlackTeam "Niort"]

1. d4 d5 2. c4 dxc4 3. Nf3 c5 4. d5 e6 5. Nc3 Nf6 6. e4 exd5 7. e5 d4 8. Bxc4
Ng4 9. h3 Nc6 10. hxg4 dxc3 11. Qb3 Qd7 12. Qxc3 Qxg4 13. Bg5 Qe4+ 14. Kf1 Be6
15. Bxe6 fxe6 16. Re1 Qa4 17. b3 Qb5+ 18. Kg1 Nb4 19. a3 Nd5 20. Qc2 Kd7 21.
Bh4 Rc8 22. Ng5 g6 23. Ne4 Kc6 24. Bf6 Nxf6 25. exf6 c4 26. b4 Kc7 27. Rh3 Qc6
28. b5 Qxb5 29. Rc3 Kb8 30. Rxc4 1-0

[Event "Interclubs Adultes"]
[Site "NIORT"]
[Date "16.12.07"]
[Round "5.2"]
[White "Stets, Dmitry"]
[Black "Marholev, Dimitar"]
[Result "1/2-1/2"]
[WhiteElo "2426"]
[BlackElo "2398"]
[PlyCount "72"]
[EventDate "16.12.07"]
[WhiteTeam "Niort"]
[BlackTeam "C.E. Nantes"]

1. e4 e5 2. Nf3 Nc6 3. Bb5 a6 4. Bxc6 dxc6 5. O-O f6 6. d4 exd4 7. Nxd4 c5 8.
Nb3 Qxd1 9. Rxd1 Bd7 10. Bf4 O-O-O 11. Nc3 Be6 12. Rxd8+ Kxd8 13. Rd1+ Kc8 14.
Nd5 Bxd5 15. Rxd5 b6 16. Nd2 Ne7 17. Rd3 g5 18. Bg3 Bg7 19. h4 h6 20. c3 f5 21.
hxg5 hxg5 22. exf5 Nxf5 23. Ne4 g4 24. Bf4 Re8 25. f3 gxf3 26. gxf3 Nh4 27. Kf2
Ng6 28. Bg3 Be5 29. Rd1 c4 30. Re1 Rd8 31. Re2 Bf4 32. Rc2 Rd1 33. Bxf4 Nxf4
34. Ke3 Nd5+ 35. Ke2 Ra1 36. Rd2 Nf4+ 1/2-1/2

[Event "Interclubs Adultes"]
[Site "NIORT"]
[Date "16.12.07"]
[Round "5.3"]
[White "Grigorov, Grigor"]
[Black "Tranchant, Sebastien"]
[Result "1/2-1/2"]
[WhiteElo "2452"]
[BlackElo "2247"]
[PlyCount "103"]
[EventDate "16.12.07"]
[WhiteTeam "C.E. Nantes"]
[BlackTeam "Niort"]

1. d4 Nf6 2. c4 c5 3. d5 e6 4. Nc3 exd5 5. cxd5 d6 6. Nf3 g6 7. Bf4 a6 8. a4
Bg7 9. e4 Bg4 10. Be2 Bxf3 11. Bxf3 O-O 12. O-O Qe7 13. Re1 Nbd7 14. Qd2 Ne5
15. Be2 Nfd7 16. Bg5 f6 17. Bh4 g5 18. Bg3 Qf7 19. Nd1 f5 20. exf5 Qxf5 21. Ne3
Qg6 22. Bd1 Qd3 23. Qc1 Qd4 24. Bc2 Nf7 25. Rb1 Kh8 26. Bf5 Nde5 27. Qc2 h5 28.
Rbd1 Qb4 29. h3 Nh6 30. Be6 b5 31. axb5 axb5 32. Bxe5 Bxe5 33. Qg6 Rf6 34. Qxh5
Qh4 35. Qxh4 gxh4 36. Re2 Ra4 37. b3 Rb4 38. Rd3 c4 39. bxc4 bxc4 40. Rd1 c3
41. Rc1 Rff4 42. Rec2 Rb2 43. Kf1 Kg7 44. Nd1 Rxc2 45. Rxc2 Nf7 46. Bxf7 Kxf7
47. Ke2 Rc4 48. g3 Kg6 49. f4 Bg7 50. f5+ Kg5 51. gxh4+ Rxh4 52. Nxc3 1/2-1/2

[Event "Interclubs Adultes"]
[Site "NIORT"]
[Date "16.12.07"]
[Round "5.4"]
[White "Demuth, Adrien"]
[Black "Delaunay, Sebastien"]
[Result "0-1"]
[WhiteElo "2256"]
[BlackElo "2353"]
[PlyCount "58"]
[EventDate "16.12.07"]
[WhiteTeam "Niort"]
[BlackTeam "C.E. Nantes"]

1. d4 d5 2. c4 c6 3. Nf3 Nf6 4. Nc3 a6 5. c5 g6 6. Bf4 Bg7 7. h3 Nbd7 8. Rc1
O-O 9. e3 Ne8 10. Be2 e5 11. dxe5 Qe7 12. b4 Nxe5 13. Nd4 Nc7 14. O-O f5 15. a4
g5 16. Bxe5 Bxe5 17. b5 axb5 18. axb5 Qf6 19. bxc6 bxc6 20. Qd2 g4 21. hxg4
fxg4 22. f4 Bxd4 23. exd4 Qh4 24. Qe3 Re8 25. g3 Rxe3 26. gxh4 Ra3 27. Nb1 Ra2
28. Bd1 Rg3+ 29. Kh1 Bf5 0-1

[Event "Interclubs Adultes"]
[Site "NIORT"]
[Date "16.12.07"]
[Round "5.5"]
[White "Crouan, Stephane"]
[Black "Alet, Jean-Pierre"]
[Result "1/2-1/2"]
[WhiteElo "2207"]
[BlackElo "2192"]
[PlyCount "66"]
[EventDate "16.12.07"]
[WhiteTeam "C.E. Nantes"]
[BlackTeam "Niort"]

1. e4 Nf6 2. e5 Nd5 3. d4 d6 4. Nf3 g6 5. c4 Nb6 6. Be2 Bg7 7. O-O O-O 8. Nc3
Nc6 9. exd6 cxd6 10. d5 Na5 11. Nd4 Naxc4 12. b3 Ne5 13. a4 e6 14. f4 Nxd5 15.
Nxd5 exd5 16. fxe5 dxe5 17. Nb5 a6 18. Na3 Be6 19. Bb2 Qd7 20. Qd2 d4 21. Nc4
Rad8 22. a5 f5 23. Nb6 Qf7 24. Bc4 e4 25. Rac1 h5 26. Bxe6 Qxe6 27. Rc7 Qxb3
28. Rxb7 e3 29. Rxg7+ Kxg7 30. Bxd4+ Kh7 31. Qxe3 Qxe3+ 32. Bxe3 Rd3 33. Bg5
Re8 1/2-1/2

[Event "Interclubs Adultes"]
[Site "NIORT"]
[Date "16.12.07"]
[Round "5.6"]
[White "Voisembert, Alain"]
[Black "Grill, Marc"]
[Result "0-1"]
[WhiteElo "2127"]
[BlackElo "2151"]
[PlyCount "86"]
[EventDate "16.12.07"]
[WhiteTeam "Niort"]
[BlackTeam "C.E. Nantes"]

1. e4 c5 2. Nf3 g6 3. d4 cxd4 4. Nxd4 Nc6 5. Nc3 Bg7 6. Be3 Nf6 7. f3 O-O 8.
Qd2 d5 9. O-O-O dxe4 10. Nxc6 Qxd2+ 11. Rxd2 bxc6 12. fxe4 Ng4 13. Nd1 Nxe3 14.
Nxe3 Rb8 15. b3 Be6 16. Bd3 a5 17. Kd1 Bc3 18. Rf2 a4 19. Ke2 axb3 20. axb3 Bd4
21. Rf3 Ra8 22. h3 Ra2 23. Nc4 Rb8 24. Rb1 c5 25. Rff1 Kg7 26. Kf3 Rf8 27. Ne3
f5 28. exf5 gxf5 29. g3 Bd7 30. Ke2 e6 31. b4 Bc6 32. Rf2 Rd8 33. Rf4 Be5 34.
Rf2 cxb4 35. Bc4 Ra3 36. Bxe6 Rxe3+ 37. Kxe3 Bd4+ 38. Ke2 Re8 39. Rxf5 Rxe6+
40. Kf1 Bc3 41. Rd1 Be4 42. Rf2 Rf6 43. Rd7+ Kg6 0-1

[Event "Interclubs Adultes"]
[Site "NIORT"]
[Date "16.12.07"]
[Round "5.7"]
[White "Rihouay, Clement"]
[Black "Do, Huu-Thi"]
[Result "1-0"]
[WhiteElo "2185"]
[BlackElo "2162"]
[PlyCount "109"]
[EventDate "16.12.07"]
[WhiteTeam "C.E. Nantes"]
[BlackTeam "Niort"]

1. e4 c5 2. Nf3 b6 3. d4 cxd4 4. Nxd4 Bb7 5. Bd3 Nc6 6. Nxc6 Bxc6 7. c4 e6 8.
O-O Qh4 9. Qe2 Bc5 10. Nd2 Nh6 11. Nf3 Qh5 12. Bf4 f6 13. Rad1 Nf7 14. Rfe1 g5
15. Be3 Bd6 16. h3 Rc8 17. Bb1 Bf4 18. Bd4 Rg8 19. Bxf6 Qh6 20. Bc3 g4 21. Nd4
Ng5 22. Qd3 Nxh3+ 23. Kf1 Nxf2 24. Kxf2 Rf8 25. Ke2 Qh2 26. Rg1 Bg3 27. Rdf1
Rxf1 28. Kxf1 Rd8 29. Ne2 Be5 30. Bxe5 Qxe5 31. Qd4 Qh5 32. Ke1 Ke7 33. Rf1 e5
34. Qf2 Qg6 35. Qf5 d6 36. Qxg6 hxg6 37. Rh1 b5 38. Rh7+ Kf6 39. cxb5 Bxb5 40.
Nc3 Bd7 41. Bd3 a5 42. Kd2 Be6 43. Ra7 Rh8 44. Ke3 Rb8 45. b3 g3 46. Kf3 Bxb3
47. axb3 Rxb3 48. Nd5+ Kg5 49. Ke3 Rb2 50. Be2 Ra2 51. Kf3 a4 52. Ne3 Kh4 53.
Rh7+ Kg5 54. Bc4 Rb2 55. Kxg3 1-0

[Event "Interclubs Adultes"]
[Site "NIORT"]
[Date "16.12.07"]
[Round "5.8"]
[White "Fontanillas, Charlotte"]
[Black "Marchadour, Claire"]
[Result "0-1"]
[WhiteElo "1480"]
[BlackElo "2064"]
[PlyCount "72"]
[EventDate "16.12.07"]
[WhiteTeam "Niort"]
[BlackTeam "C.E. Nantes"]

1. d4 d5 2. e3 Nf6 3. Bd3 c5 4. c3 Nc6 5. f4 Bg4 6. Nf3 e6 7. O-O Be7 8. Nbd2
Bf5 9. Qc2 Qd7 10. Ne5 Bxd3 11. Qxd3 Qc7 12. Ndf3 c4 13. Qc2 Ne4 14. b3 Nxe5
15. Nxe5 cxb3 16. Qxb3 O-O 17. c4 f6 18. Nf3 dxc4 19. Qc2 f5 20. Ne5 b5 21. a4
a6 22. Ba3 Bxa3 23. Rxa3 b4 24. Raa1 Rfc8 25. Rfc1 c3 26. Qb3 Qd6 27. Nc4 Qd5
28. Na5 Qxa5 29. Qxe6+ Kh8 30. g4 Re8 31. Qxf5 Qxf5 32. gxf5 b3 33. Rab1 b2 34.
Rc2 Nd2 35. Rxd2 cxd2 36. Kf1 Rxe3 0-1

[Event "Interclubs Adultes"]
[Site "PARIS CHESS XV"]
[Date "2008.03.09"]
[Round "6.1"]
[White "Gharamian, Tigran"]
[Black "Solodovnichenko, Yuri"]
[Result "1/2-1/2"]
[WhiteElo "2558"]
[BlackElo "2541"]
[PlyCount "43"]
[EventDate "2008.03.09"]
[WhiteTeam "Cappelle la Grande"]
[BlackTeam "Niort"]

1. e4 c5 2. Nf3 d6 3. Bb5+ Nd7 4. d4 Ngf6 5. O-O cxd4 6. Qxd4 e5 7. Qd3 h6 8.
c4 Be7 9. Nc3 O-O 10. Bxd7 Bxd7 11. Rd1 a6 12. c5 dxc5 13. Bxh6 Qc7 14. Bg5 c4
15. Qe2 Be6 16. Nd5 Bxd5 17. exd5 e4 18. Nd2 Nxd5 19. Bxe7 Nxe7 20. Qxc4 Qxc4
21. Nxc4 b5 22. Nb6 1/2-1/2

[Event "Interclubs Adultes"]
[Site "PARIS CHESS XV"]
[Date "2008.03.09"]
[Round "6.2"]
[White "David, Vincent"]
[Black "Winants, Luc"]
[Result "1-0"]
[WhiteElo "2398"]
[BlackElo "2525"]
[PlyCount "81"]
[EventDate "2008.03.09"]
[WhiteTeam "Niort"]
[BlackTeam "Cappelle la Grande"]

1. d4 Nf6 2. c4 e6 3. Nf3 b6 4. g3 Ba6 5. Nbd2 d5 6. Bg2 Bd6 7. O-O O-O 8. b3
c5 9. Bb2 Nbd7 10. Rc1 Rc8 11. Re1 Bb7 12. cxd5 exd5 13. Nh4 Re8 14. Nc4 Bf8
15. dxc5 bxc5 16. Ne3 Ne5 17. Rc2 Rc7 18. Nf3 Ned7 19. Qc1 Rc8 20. a3 d4 21.
Nc4 Be4 22. Rd2 Qc7 23. Qd1 Nb6 24. e3 Bd5 25. exd4 Bxc4 26. dxc5 Rxe1+ 27.
Nxe1 Qxc5 28. Bxf6 Be6 29. Bb2 Qb5 30. Rd3 g6 31. Nf3 Nc4 32. Bc3 Nxa3 33. Nd4
Qb6 34. Nxe6 fxe6 35. Qe2 Nb5 36. Bb2 Ba3 37. Bh3 Rc6 38. Bxa3 Nxa3 39. Qb2 Nb5
40. Qf6 Rc1+ 41. Kg2 1-0

[Event "Interclubs Adultes"]
[Site "PARIS CHESS XV"]
[Date "2008.03.09"]
[Round "6.3"]
[White "Jossien, Arnaud"]
[Black "Stets, Dmitry"]
[Result "1/2-1/2"]
[WhiteElo "2379"]
[BlackElo "2427"]
[PlyCount "71"]
[EventDate "2008.03.09"]
[WhiteTeam "Cappelle la Grande"]
[BlackTeam "Niort"]

1. Nf3 Nf6 2. g3 g6 3. Bg2 Bg7 4. c4 O-O 5. Nc3 d6 6. d3 e5 7. Rb1 a5 8. a3 c6
9. O-O Re8 10. Bg5 Nbd7 11. b4 axb4 12. axb4 h6 13. Bd2 d5 14. e4 dxc4 15. dxc4
Nb6 16. c5 Nc4 17. Qe2 Be6 18. Rfd1 Nd7 19. Bc1 Qe7 20. Nd2 Na3 21. Bxa3 Rxa3
22. Rdc1 b5 23. cxb6 Nxb6 24. b5 Rc8 25. bxc6 Rxc6 26. Nd5 Rxc1+ 27. Rxc1 Qa7
28. h4 h5 29. Qb5 Nxd5 30. Qe8+ Bf8 31. exd5 Qd7 32. Qb8 Bxd5 33. Bxd5 Qxd5 34.
Rc8 Qxd2 35. Rxf8+ Kg7 36. Qxe5+ 1/2-1/2

[Event "Interclubs Adultes"]
[Site "PARIS CHESS XV"]
[Date "2008.03.09"]
[Round "6.5"]
[White "Jossien, Remy"]
[Black "Demuth, Adrien"]
[Result "1/2-1/2"]
[WhiteElo "2278"]
[BlackElo "2249"]
[PlyCount "45"]
[EventDate "2008.03.09"]
[WhiteTeam "Cappelle la Grande"]
[BlackTeam "Niort"]

1. e4 e5 2. Nc3 Nf6 3. Nf3 Nc6 4. d4 exd4 5. Nxd4 Bb4 6. Nxc6 bxc6 7. Bd3 d5 8.
exd5 cxd5 9. O-O O-O 10. Bg5 c6 11. Qf3 Bd6 12. Rae1 Rb8 13. Nd1 h6 14. Bh4 Rb4
15. Bxf6 Qxf6 16. Qxf6 gxf6 17. b3 Rh4 18. g3 Rh5 19. f4 Bh3 20. Be2 Rf5 21.
Bd3 Rh5 22. Be2 Rf5 23. Bd3 1/2-1/2

[Event "Interclubs Adultes"]
[Site "PARIS CHESS XV"]
[Date "2008.03.09"]
[Round "6.6"]
[White "Voisembert, Alain"]
[Black "Couche, Didier"]
[Result "1/2-1/2"]
[WhiteElo "2118"]
[BlackElo "2122"]
[PlyCount "120"]
[EventDate "2008.03.09"]
[WhiteTeam "Niort"]
[BlackTeam "Cappelle la Grande"]

1. e4 e6 2. Nf3 d5 3. e5 c5 4. b4 c4 5. c3 a5 6. b5 Nd7 7. d3 cxd3 8. Bxd3 g6
9. O-O Bg7 10. Re1 Ne7 11. a4 O-O 12. Ra2 b6 13. Rae2 Bb7 14. Bg5 h6 15. Bc1
Rc8 16. Ba3 Nc5 17. Bc2 Qc7 18. Nd4 Rfd8 19. f3 Rd7 20. Qd2 Qd8 21. g4 Rcc7 22.
Qf4 Qe8 23. Qg3 Kh8 24. Bc1 Ng8 25. Qh3 Qe7 26. Re3 Rd8 27. Ne2 Rdc8 28. Ng3 d4
29. cxd4 Nd7 30. Ba3 Qd8 31. Be4 Bf8 32. Bxb7 Rxb7 33. Ne4 Rbc7 34. Bxf8 Qxf8
35. Nd6 Rd8 36. Qh4 Ndf6 37. Rc3 Rcd7 38. Rc6 Nd5 39. Nd2 Nge7 40. N2e4 Qg7 41.
Nf6 Nxc6 42. bxc6 Rxd6 43. exd6 Qxf6 44. g5 Qxg5+ 45. Qxg5 hxg5 46. c7 Nxc7 47.
dxc7 Rc8 48. Rc1 Kg7 49. Kf2 Kf8 50. Ke3 Ke7 51. Rc6 Kd7 52. Rxb6 Rxc7 53. Rb5
Ke7 54. Rxg5 Rc3+ 55. Kf2 Rc4 56. Rxa5 Rxd4 57. Kg3 Kf6 58. h4 Rb4 59. Ra7 Rc4
60. Kh3 Rb4 1/2-1/2

[Event "Interclubs Adultes"]
[Site "PARIS CHESS XV"]
[Date "2008.03.09"]
[Round "6.7"]
[White "Marchyllie, Bruno"]
[Black "Do, Huu-Thi"]
[Result "0-1"]
[WhiteElo "2164"]
[BlackElo "2168"]
[PlyCount "116"]
[EventDate "2008.03.09"]
[WhiteTeam "Cappelle la Grande"]
[BlackTeam "Niort"]

1. e4 c5 2. Nf3 a6 3. g3 d6 4. Bg2 e5 5. c3 Nf6 6. O-O Be7 7. Re1 O-O 8. d4 Qc7
9. Nbd2 b5 10. Nf1 Bb7 11. d5 Nbd7 12. Nh4 c4 13. Nf5 Bd8 14. g4 Nc5 15. N1g3
Bc8 16. Bg5 Nd3 17. Re3 Ne8 18. Bxd8 Qxd8 19. Qd2 g6 20. Nh6+ Kg7 21. g5 Nf4
22. Ngf5+ Kh8 23. Rg3 f6 24. Ne3 fxg5 25. Neg4 Nf6 26. Nxf6 Qxf6 27. Ng4 Bxg4
28. Rxg4 h6 29. Rg3 Ra7 30. a4 Raf7 31. axb5 axb5 32. Bf1 Qd8 33. b3 cxb3 34.
Bxb5 Nh5 35. Rg2 Nf4 36. Rg3 Nh5 37. Rg2 Nf4 38. Rg3 Qb6 39. Bf1 Nh5 40. Rg2
Nf4 41. Rg3 Nh5 42. Rg2 b2 43. Rb1 Rb8 44. Qe3 Nf4 45. Rg3 Qa5 46. c4 Qa2 47.
Qe1 Ra7 48. Re3 g4 49. Qd1 Rc7 50. Re1 h5 51. Qc2 Kh7 52. Red1 Nh3+ 53. Bxh3
Rxc4 54. Qd3 gxh3 55. Qf1 Rc3 56. f3 Rbc8 57. Qxh3 Rc1 58. Qf1 Qxb1 0-1

[Event "Interclubs Adultes"]
[Site "PARIS CHESS XV"]
[Date "2008.03.09"]
[Round "6.8"]
[White "Marchais, Aurelie"]
[Black "Husson, Cybele"]
[Result "0-1"]
[WhiteElo "1784"]
[BlackElo "2033"]
[PlyCount "76"]
[EventDate "2008.03.09"]
[WhiteTeam "Niort"]
[BlackTeam "Cappelle la Grande"]

1. e4 b6 2. d4 Bb7 3. Bd3 e6 4. Ne2 Nf6 5. Nd2 Na6 6. c3 c5 7. O-O cxd4 8. cxd4
Nb4 9. Bb1 Be7 10. Nc3 O-O 11. a3 Nc6 12. Nf3 d6 13. Qd3 Rc8 14. d5 Na5 15. Ba2
exd5 16. exd5 Qc7 17. Nd4 a6 18. Nf5 b5 19. Qg3 Nh5 20. Qg4 g6 21. Nxe7+ Qxe7
22. Bg5 f6 23. Rae1 Qf7 24. Bh6 Rfe8 25. Re6 Nc4 26. Ne4 f5 27. Nxd6 fxg4 28.
Nxf7 Kxf7 29. Rxe8 Rxe8 30. b3 Nd6 31. f3 g3 32. b4 Re2 33. Bb1 Bxd5 34. Rd1
Ke6 35. Bf8 Nc4 36. Bd3 Re5 37. Bc5 gxh2+ 38. Kxh2 Nf4 0-1

[Event "Interclubs Adultes"]
[Site "PARIS CHESS XV"]
[Date "2008.03.09"]
[Round "6.1"]
[White "Sebag, Marie"]
[Black "Murey, Jacob"]
[Result "1-0"]
[WhiteElo "2510"]
[BlackElo "2411"]
[PlyCount "64"]
[EventDate "2008.03.09"]
[WhiteTeam "Chalons en Champagne"]
[BlackTeam "Chess XV"]

1. e4 e5 2. Nf3 Nc6 3. Bb5 g6 4. c3 Bg7 5. d4 exd4 6. cxd4 a6 7. Ba4 Nge7 8.
O-O b5 9. Bb3 O-O 10. Nc3 Na5 11. Bc2 d6 12. h3 b4 13. Na4 Bd7 14. a3 bxa3 15.
Rxa3 Nc4 16. Ra2 Nb6 17. Bf4 Bb5 18. Re1 Nc6 19. Nxb6 cxb6 20. Qd2 d5 21. e5
Qe7 22. Bb3 Qd7 23. Bh6 Nd8 24. Nh2 Ne6 25. Ng4 f5 26. exf6 Bxf6 27. Bxf8 Rxf8
28. Qe3 Ng7 29. Nxf6+ Rxf6 30. Qe5 Rf5 31. Qe7 Qxe7 32. Rxe7 Rf4 1-0

[Event "Interclubs Adultes"]
[Site "PARIS CHESS XV"]
[Date "2008.03.09"]
[Round "6.3"]
[White "Stojanovic, Mihajlo"]
[Black "Steimer, Michel"]
[Result "1-0"]
[WhiteElo "2555"]
[BlackElo "2165"]
[PlyCount "52"]
[EventDate "2008.03.09"]
[WhiteTeam "Chalons en Champagne"]
[BlackTeam "Chess XV"]

1. Nf3 d5 2. d4 Nf6 3. c4 c6 4. cxd5 cxd5 5. Nc3 Nc6 6. Bf4 Nh5 7. Be5 f6 8.
Bg3 Nxg3 9. hxg3 e6 10. e3 Bb4 11. Bd3 Qa5 12. Qb3 h6 13. Bg6+ Ke7 14. e4 Rd8
15. Rd1 Kf8 16. O-O Ne7 17. Nh4 Bd7 18. exd5 Bxc3 19. bxc3 Qxd5 20. c4 Qc6 21.
Bb1 Rac8 22. Rc1 b5 23. c5 Qd5 24. Qe3 Bc6 25. Rfe1 Qxd4 26. Qxe6 Qd7 1-0

[Event "Interclubs Adultes"]
[Site "PARIS CHESS XV"]
[Date "2008.03.09"]
[Round "6.4"]
[White "Reilhac, Philippe"]
[Black "Cossin, Sebastien"]
[Result "0-1"]
[WhiteElo "2079"]
[BlackElo "2438"]
[PlyCount "60"]
[EventDate "2008.03.09"]
[WhiteTeam "Chess XV"]
[BlackTeam "Chalons en Champagne"]

1. e4 c5 2. Nf3 d6 3. c3 Nf6 4. d3 g6 5. Be2 Bg7 6. O-O O-O 7. h3 Nc6 8. Nh2 d5
9. Qc2 e5 10. Bg5 d4 11. c4 h6 12. Bd2 Ne8 13. f4 Nd6 14. Qc1 exf4 15. Bxf4 g5
16. Bg3 f5 17. exf5 Nxf5 18. Bf2 Be5 19. Ng4 Bf4 20. Qd1 h5 21. Nh2 Qc7 22. Nf3
g4 23. Nfd2 g3 24. Be1 Ne3 25. Rxf4 Qxf4 26. Qc1 Nxg2 27. Kxg2 Qh4 28. Nf3
Qxh3+ 29. Kg1 Rxf3 30. Qg5+ Kh7 0-1

[Event "Interclubs Adultes"]
[Site "PARIS CHESS XV"]
[Date "2008.03.09"]
[Round "6.5"]
[White "Barsov, Alexei"]
[Black "Almazan, Jerome"]
[Result "1-0"]
[WhiteElo "2521"]
[BlackElo "1950"]
[PlyCount "63"]
[EventDate "2008.03.09"]
[WhiteTeam "Chalons en Champagne"]
[BlackTeam "Chess XV"]

1. d4 d5 2. c4 c6 3. Nc3 e6 4. Nf3 Nf6 5. Bg5 h6 6. Bxf6 Qxf6 7. g3 Nd7 8. Bg2
dxc4 9. O-O g6 10. Ne4 Qd8 11. Qc2 Nb6 12. Rad1 Bg7 13. Ne5 O-O 14. Nxc4 Nxc4
15. Qxc4 Qe7 16. f4 Rd8 17. e3 Bd7 18. h4 Be8 19. Bf3 b6 20. Rf2 Rac8 21. b4
Kh8 22. Rfd2 f6 23. a3 Bf7 24. Qc2 f5 25. Nf2 c5 26. dxc5 Rxd2 27. Qxd2 bxc5
28. Qd7 Qf8 29. Bb7 Rb8 30. bxc5 Be8 31. Qc7 Ba4 32. Rd6 1-0

[Event "Interclubs Adultes"]
[Site "PARIS CHESS XV"]
[Date "2008.03.09"]
[Round "6.6"]
[White "Antipas, Arnaud"]
[Black "Karim, Ismael"]
[Result "0-1"]
[WhiteElo "1899"]
[BlackElo "2366"]
[PlyCount "62"]
[EventDate "2008.03.09"]
[WhiteTeam "Chess XV"]
[BlackTeam "Chalons en Champagne"]

1. e4 g6 2. d4 Bg7 3. Nf3 d6 4. Nc3 a6 5. h3 b5 6. Bd3 Bb7 7. Be3 Nd7 8. Qd2 c5
9. d5 Qc7 10. O-O Ngf6 11. Bh6 O-O 12. Bxg7 Kxg7 13. Rfe1 Rac8 14. Qf4 e5 15.
Qh4 Nh5 16. g4 Nf4 17. Bf1 h6 18. Ne2 Nxe2+ 19. Rxe2 c4 20. Qg3 Qd8 21. Kh2 Qf6
22. Re3 Nc5 23. Be2 Qf4 24. Rg1 Rce8 25. Nd2 Rc8 26. Bf3 Kh7 27. Nf1 Rc7 28.
Kg2 f5 29. gxf5 gxf5 30. Kh1 Qxg3 31. fxg3 fxe4 0-1

[Event "Interclubs Adultes"]
[Site "PARIS CHESS XV"]
[Date "2008.03.09"]
[Round "6.7"]
[White "Marechal, Andy"]
[Black "Oyens, Conrad"]
[Result "1-0"]
[WhiteElo "2301"]
[BlackElo "1998"]
[PlyCount "87"]
[EventDate "2008.03.09"]
[WhiteTeam "Chalons en Champagne"]
[BlackTeam "Chess XV"]

1. e4 c5 2. Nc3 e6 3. g3 Nc6 4. Bg2 Nge7 5. Nge2 Nd4 6. O-O Nec6 7. d3 Be7 8.
Nxd4 cxd4 9. Ne2 d6 10. c3 Qb6 11. cxd4 Nxd4 12. Be3 Nxe2+ 13. Qxe2 Qa6 14. Qd2
Bd7 15. a4 O-O 16. Rfb1 Rfc8 17. b4 b6 18. d4 Qb7 19. b5 Rc4 20. Bf1 Rc7 21.
Bd3 Be8 22. a5 d5 23. a6 Qc8 24. Rc1 Rxc1+ 25. Rxc1 Qd8 26. Bf4 dxe4 27. Bxe4
Rc8 28. Rxc8 Qxc8 29. Qd3 h6 30. Bb7 Qd8 31. Qc4 Bd6 32. Be3 Qc7 33. Bc6 Bd7
34. d5 exd5 35. Qxd5 Be6 36. Qe4 Qe7 37. Kg2 Bc5 38. Bf4 Bd6 39. Bd2 Bc5 40.
Bc3 Qd6 41. h4 h5 42. Qe5 f6 43. Qxh5 Bf7 44. Qf3 1-0